Dirigeants des pays n°3 - Statistiques

Statistiques générales
  • Ce quiz a été pris 13 fois
  • Le résultat moyen est 1 sur 20
Statistiques - réponses
Pays Dirigeants % Correct
Corée du Nord Kim Jong-un
85%
Japon Shinzō Abe
31%
Brunei Hassanal Bolkiah
8%
Îles Marshall Hilda Heine
8%
Liban Michel Aoun
8%
Tonga Tupou VI
8%
Papouasie-Nouvelle- Guinée Bob Dadae
0%
Australie David Hurley
0%
Turkménistan Gurbanguly Berdimuhamedow
0%
Qatar Hamad ben Khalifa Al Thani
0%
Maldives Ibrahim Mohamed Solih
0%
Fidji Jioji Konrote
0%
Emirats arabes unis Khalifa ben Zayed Al Nahyane
0%
Nauru Lionel Aingimea
0%
Nouvelle-Zélande Patsy Reddy
0%
Micronésie Peter Christian
0%
Îles Salomon Peter Kenilorea
0%
Samoa Sailele Malielegaoi
0%
Kiribati Taneti Maamau
0%
Palaos Tommy Remengesau
0%
Aucun quiz correspondant
Distribution des résultats
% des personnes avec chaque résultat
Percentile par nombre de réponses
Votre historique - résultats
Vous n’avez pas pris ce quiz